000 04423namaa22004451i 4500
003 EG-GICUC
005 20260412104822.0
008 260315s2025 ua a|||frm||| 000 0 eng d
040 _aEG-GICUC
_beng
_cEG-GICUC
_dEG-GICUC
_erda
041 0 _aeng
_beng
_bara
049 _aDeposit
082 0 4 _a635
092 _a635
_221
097 _aM.Sc
099 _aCai01.07.14.M.Sc.2025.Mo.I
100 0 _aMohamed Abd-ekkarim Adly,
_epreparation.
245 1 0 _aImproving of growth, yield and quality of sweet pepper through application of biochar and compost mixture for increasing exports /
_cby Mohamed Abd-ekkarim Adly ; Supervisors Dr. Mohamed Mohamed Shahein, Dr. Hassan Ali Hassan, Dr. Sayed Osman Mahmoud.
246 1 5 _aتحسين نمو وانتاج وجودة الفلفل الحلو من خلال اضافة البيوشار ومخلوط الكمبوست لزيادة الصادرات
264 0 _c2025.
300 _a95 pages :
_billustrations ;
_c25 cm. +
_eCD.
336 _atext
_2rda content
337 _aUnmediated
_2rdamedia
338 _avolume
_2rdacarrier
502 _aThesis (M.Sc)-Cairo University, 2025.
504 _aBibliography: pages 80-95.
520 3 _aThis study investigated the effects of vermicompost, biochar, and compost on the growth, yield, and fruit quality of Sweet pepper plants under greenhouse conditions during two consecutive seasons. The treatments were as follows: T1 (100% vermicompost), T2 (75% vermicompost + 25% biochar), T3 (50% vermicompost + 50% biochar), T4 (50% biochar + 50% compost), T5 (75% compost + 25% biochar), and T6 (100% compost as control), Each treatment was arranged in three replicates. Results showed that vermicompost, either alone or integrated with biochar, significantly improved vegetative growth parameters (plant height, leaf area, and number of leaves). Moreover vermicompost treatments markedly increased fruit yield and improved fruit quality by elevating antioxidant compounds (total phenols, β-carotenoids, and ascorbic acid), while reducing nitrate accumulation in fruits. Although compost with biochar also produced positive effects, vermicompost-based treatments consistently outperformed all other treatments. These findings highlight the potential of vermicompost and biochar as sustainable and efficient organic amendments for sweet pepper production. By improving plant growth, boosting yield, and enriching fruit quality, these organic amendments provide promising alternatives to synthetic fertilizers, thereby supporting sustainable, environmentally friendly, and resource-efficient agriculture.
520 3 _aأُجريت الدراسة لتقييم تأثير الفيرمي كمبوست والبيوشار والكمبوست، سواء منفردة أو في خلطات مختلفة، على نمو وإنتاجية وجودة الفلفل خلال موسمين بالصوب. أظهرت النتائج أن الفيرمي كمبوست منفردًا أو مع البيوشار كان الأكثر فاعلية، حيث حسّن النمو الخضري ورفع المحصول الكلي ومكوناته، وزاد محتوى الفينولات والبيتا-كاروتين وحمض الأسكوربيك والمواد الصلبة الذائبة مع خفض النترات لمستويات آمنة. كما أوضحت النتائج أن معاملات الفيرمي كمبوست تفوقت بوضوح على باقي المعاملات في جميع الصفات المدروسة. وتؤكد هذه النتائج أن الفيرمي كمبوست يمثل نهجًا زراعيًا مستدامًا ويدعم تحسين النمو والإنتاجية والجودة.
530 _aIssues also as CD.
546 _aText in English and abstract in Arabic & English.
650 0 _aVegetable Crops
650 0 _aخضر
653 1 _aVermicompost
_aBiochar
_aSweet pepper
_aCompost
_aGrowth
_aYield
_aFruit quality
_anitrate
700 0 _aMohamed Mohamed Shahein
_ethesis advisor.
700 0 _aHassan Ali Hassan
_ethesis advisor.
700 0 _aSayed Osman Mahmoud
_ethesis advisor.
900 _b01-01-2025
_cMohamed Mohamed Shahein
_cHassan Ali Hassan
_cSayed Osman Mahmoud
_UCairo University
_FFaculty of Agriculture
_DDepartment of Vegetable Crops
905 _aShimaa
_eEman Ghareb
942 _2ddc
_cTH
_e21
_n0
999 _c179056